[Event "ARG-ch U20"]
[Site "Buenos Aires"]
[Date "2023.02.19"]
[Round "6"]
[White "Valverde, Melina"]
[Black "Donda, Jazmin"]
[Result "0-1"]
[WhiteElo "1018"]
[BlackElo "1557"]
[PlyCount "88"]
[EventDate "2023.02.17"]
[EventType "swiss"]
[EventRounds "9"]
[EventCountry "ARG"]
[SourceTitle "EXT 2024"]
[Source "ChessBase"]
[SourceDate "2023.10.10"]
[SourceVersion "1"]
[SourceVersionDate "2023.10.10"]
[SourceQuality "1"]

1. e4 c6 2. Nf3 d5 3. Nc3 dxe4 4. Nxe4 Bg4 5. h3 Bxf3 6. Qxf3 e6 7. g3 Nd7 8. Bg2 Ngf6 9. 0-0 Nxe4 10. Qxe4 Nf6 11. Qe2 Bd6 12. d4 0-0 13. c3 h6 14. Bd2 Qc7 15. Rad1 Rab8 16. Rfe1 b5 17. Bc1 a5 18. b3 Nd5 19. Qc2 Rbc8 20. a3 c5 21. Qd3 c4 22. bxc4 Qxc4 23. Qxc4 Rxc4 24. Bd2 Nxc3 25. Bxc3 Rxc3 26. d5 exd5 27. Rxd5 Bxa3 28. Rxb5 Bb4 29. Ra1 Rc2 30. Be4 Re2 31. Bd3 Rd2 32. Be4 Re8 33. Bc6 Ree2 34. f3 Rg2+ 35. Kh1 Rxg3 36. Be4 Rxh3+ 37. Kg1 g6 38. Rb8+ Kg7 39. Rc1 Bd6 40. Rd8 Bh2+ 41. Kf1 Rxd8 42. Kg2 Bf4 43. Rc5 Rh2+ 44. Kf1 Rd1# 0-1

[Event "ARG-ch U20"]
[Site "Buenos Aires"]
[Date "2023.02.19"]
[Round "5"]
[White "Valverde, Melina"]
[Black "Quiroga Ortiz, Isabella"]
[Result "0-1"]
[WhiteElo "1018"]
[BlackElo "1179"]
[PlyCount "130"]
[EventDate "2023.02.17"]
[EventType "swiss"]
[EventRounds "9"]
[EventCountry "ARG"]
[SourceTitle "EXT 2024"]
[Source "ChessBase"]
[SourceDate "2023.10.10"]
[SourceVersion "1"]
[SourceVersionDate "2023.10.10"]
[SourceQuality "1"]

1. e4 c6 2. d4 d5 3. exd5 cxd5 4. Bd3 Nf6 5. c3 Nc6 6. Bf4 Qb6 7. Qc2 g6 8. Nf3 Bg7 9. 0-0 h6 10. Re1 0-0 11. Nbd2 e6 12. Bd6 Re8 13. Ne5 Nxe5 14. Bxe5 Bd7 15. Nf3 Bb5 16. Bxb5 Qxb5 17. Qe2 Qxe2 18. Rxe2 Nd7 19. Bxg7 Kxg7 20. Ne5 Nxe5 21. dxe5 Rac8 22. Rd1 Rc6 23. f4 b5 24. g3 Rc4 25. a3 Kf8 26. Red2 Rec8 27. Rd4 Ke7 28. Kf2 Kd7 29. Ke3 Rxd4 30. cxd4 Rc4 31. Rd3 Rc2 32. Rd2 Rxd2 33. Kxd2 Kc6 34. b4 Kb6 35. Ke2 a5 36. Kf3 axb4 37. axb4 Kc7 38. Kg4 Kd8 39. Kh4 Ke7 40. g4 Kf8 41. f5 exf5 42. Kg3 fxg4 43. Kxg4 Ke7 44. h4 Kf8 45. h5 gxh5+ 46. Kxh5 Kg7 47. Kg4 Kg6 48. Kh4 h5 49. Kh3 Kg5 50. Kg3 h4+ 51. Kh3 Kh5 52. Kg2 Kg4 53. Kh2 Kf4 54. Kh3 Ke4 55. Kxh4 Kxd4 56. Kg4 Kxe5 57. Kf3 f5 58. Ke3 d4+ 59. Kd3 f4 60. Kd2 Ke4 61. Kd1 f3 62. Kd2 d3 63. Ke1 Ke3 64. Kd1 Kf2 65. Kd2 Kg2 0-1